Điều chỉnh tự động truyền động điện : (Sách giáo trình dùng cho sinh viên các trường Đại học kỹ thuật)
Giáo trình gồm 9 chương trình bày những nguyên tắc cơ bản xây dựng hệ truyền động tự động, các mạnh đo lường điều khiển và các bộ biến đổi điện tử công suất dùng cho hệ truyền động tự đông, cấu trúc cơ bản của hệ truyền động đ...
Đã lưu trong:
| 格式: | 图书 |
|---|---|
| 语言: | Undetermined |
| 出版: |
Hà Nội
Khoa học và Kỹ thuật
2008
|
| 主题: | |
| 标签: |
添加标签
没有标签, 成为第一个标记此记录!
|
| Thư viện lưu trữ: | Trung tâm Học liệu Trường Đại học Cần Thơ |
|---|
| LEADER | 01353nam a2200205Ia 4500 | ||
|---|---|---|---|
| 001 | CTU_176746 | ||
| 008 | 210402s9999 xx 000 0 und d | ||
| 020 | |c 79000 | ||
| 082 | |a 621.319 | ||
| 082 | |b Đ309 | ||
| 245 | 0 | |a Điều chỉnh tự động truyền động điện : | |
| 245 | 0 | |b (Sách giáo trình dùng cho sinh viên các trường Đại học kỹ thuật) | |
| 245 | 0 | |c Bùi Quốc Khánh ... [et al.] | |
| 260 | |a Hà Nội | ||
| 260 | |b Khoa học và Kỹ thuật | ||
| 260 | |c 2008 | ||
| 520 | |a Giáo trình gồm 9 chương trình bày những nguyên tắc cơ bản xây dựng hệ truyền động tự động, các mạnh đo lường điều khiển và các bộ biến đổi điện tử công suất dùng cho hệ truyền động tự đông, cấu trúc cơ bản của hệ truyền động động cơ một chiều, xoay chiều không đồng bộ và xoay chiều đồng bộ, nguyên tắc cơ bản xây dựng hệ truyền động nhiều động cơ,... | ||
| 650 | |a Điện tử công suất,Electric engineering,Power electronics,Kỹ thuật điện | ||
| 904 | |i Minh Tâm, Năm | ||
| 980 | |a Trung tâm Học liệu Trường Đại học Cần Thơ | ||